00517nam a2200205Ia 4500008004000000041000800040082001100048100002100059245006600080260004600146300001100192650001300203650001400216650001100230650001300241650001300254650001400267650000800281700002200289210210b1957 xxu||||| |||| 00| 0 eng d aeng a090/44 aMASLAND (John W) aSoldiers and scholars: military education and national policy aLondonbPrinceton University Pressc1957 axx,530 aSoldiers ascholars: apolicy anational amilitary aeducation aand aRADWAY (Laurence)